000 01385cam a22001934a 4500
005 20250605164042.0
008 250528s ||||||||||||||||||||||||d
035 _a17011
020 _a415071836
040 _aGR-AtMCL
_bgre
_dGR-AtMCL
_eAACR2
245 1 _aCultural Reproduction
260 _bRouledge,
_c1993
300 _a262
520 _aThis timely and lively book explores a widely used but under-examined concept of social process. Notes on Contributors, Introduction: The Analytic Bases of Cultural Reproduction Theory, Economy and Strategy: The Possibility of Feminism, The Natural Man and the Virtuous Woman: Reproducing Citizens, Yes-But Logic: The Quasi-Science of Cultural Reproduction, A Report on the Western Front: Postmodernism and the ''Politics'' of Style, Culture Made and Found and Lost: The Cases of Climbing and Art, The Necessity of Tradition: Sociology or the Postmodern?, Snapshots: Notes on Myth and Memory and Technology: Short Fictions Concerning the Camera, Everyday Life and Technoscience and Cultural Analysis: A One-Sided Conservation, Unfixing the Subject: Viewing Bad Timing, Going Shopping: Markets and Crowds and Consumption, Manet and Durkheim: Images and Theories of Re-Production, The Role of Ideology in Cultural Re-Production, Name and Subject Index.
700 1 _aJenks Chris
_93143
942 _cBK
999 _c2452
_d2452